Culture générale - numéro 21 - Statistiques

Statistiques générales
  • Ce quiz a été pris 234 fois
  • Le résultat moyen est 9 sur 15
Statistiques - réponses
Question Réponse % Correct
Quel empereur est à l'origine du Code Civil? Napoléon
96%
Quelle nationalité Zinédine Zidane possède t'il, en plus de la nationalité française? Algérienne
88%
Lequel des 7 pêchés capitaux commence par la lettre L? Luxure
86%
Quel est l'adjectif propre à la saison Été? Estival
82%
Quelle période, aux USA, interdisait la fabrication, consommation et importation d'alcool? Prohibition
81%
Quel alcool est conçu à base de pomme de terre? Vodka
71%
Quel nom est donné à la fosse océanique la plus profonde? Fosse des Mariannes
68%
Qui est le roi des dieux nordiques? Odin
66%
Quel célèbre peintre mexicaine était atteinte de poliomyélite? Frida Kahlo
61%
Comment se nomme le symbole &? Esperluette
58%
Quel dirigeant syrien fuit toujours son pays, depuis décembre 2024? Bachar al-Assad
53%
Quelle fable de La Fontaine à pour morale "La raison du plus fort est toujours la meilleure?" Le Loup et l'Agneau
40%
Qui a chanté "Buffalo Soldier"? Bob Marley
36%
Quel est la traduction du mot latin "Aléa"? Hasard
27%
Quelle est l'espèce de tortue marine la plus massive? Luth
26%
Aucun quiz correspondant
Distribution des résultats
% des personnes avec chaque résultat
Percentile par nombre de réponses
Votre historique - résultats
Vous n’avez pas pris ce quiz